Materiales y documentos de arte español /
MARC
| LEADER | 00000nas a2200000 a 4500 | ||
|---|---|---|---|
| 001 | 15787, 15788, 15789, 15790, 15791, 15792 | ||
| 003 | Arxiu | ||
| 005 | 20260324181046.0 | ||
| 008 | 160829s1900 - 1906 xx 000 0 cat d | ||
| 040 | |a agdb | ||
| 041 | |a spa | ||
| 245 | |a Materiales y documentos de arte español / |c publicados bajo la dirección artística de Mira Leroy | ||
| 260 | |a Barcelona : |b Librería Parera ; |c 1900 - 1906 | ||
| 300 | |a 6 vols. enquadernats ; |c 33 cm ; |b il·lustracions b/n ; periodicitat: anual | ||
| 310 | |a Anual | ||
| 362 | |a Vol. 1 (1900-1901) - Vol. 6 (1906) | ||
| 500 | |a No apareix l'any 1903. | ||
| 500 | |a L'any 1904 té dos volums (el 3 i el 4). | ||
| 650 | |a Art |x Espanya |x Història |x Revistes |9 36754 | ||
| 655 | 0 | |9 55823 |a Revistes | |
| 700 | 1 | |a Leroy, Mira |9 36755 | |
| 785 | 0 | 0 | |t Matériaux et documents d'art espagnol |
| 866 | |a Vol. 1 (1900-1901) - Vol. 6 (1906) | ||
| 901 | |a Arxiu | ||
| 942 | |n 1 |2 udc |c REV | ||
| 952 | |0 0 |1 0 |2 udc |4 0 |6 REV320 |7 1 |9 47854 |a Arxiu |b Arxiu |d 2016-12-01 |h Vol. 1 (1900-1901) |o Rev-320 |p 15787 |r 2016-12-01 00:00:00 |w 2016-12-01 |y ARXIU | ||
| 952 | |0 0 |1 0 |2 udc |4 0 |6 REV321 |7 1 |9 64003 |a Arxiu |b Arxiu |d 2022-10-19 |h Vol. 2 (1902) |l 0 |o Rev-321 |p 15788 |r 2022-10-19 00:00:00 |w 2022-10-19 |y ARXIU | ||
| 952 | |0 0 |1 0 |2 udc |4 0 |6 REV322 |7 1 |9 64004 |a Arxiu |b Arxiu |d 2022-10-19 |h Vol. 3 (1904) |l 0 |o Rev-322 |p 15789 |r 2022-10-19 00:00:00 |w 2022-10-19 |y ARXIU | ||
| 952 | |0 0 |1 0 |2 udc |4 0 |6 REV323 |7 1 |9 64005 |a Arxiu |b Arxiu |d 2022-10-19 |h Vol. 4 (1904) |l 0 |o Rev-323 |p 15790 |r 2022-10-19 00:00:00 |w 2022-10-19 |y ARXIU | ||
| 952 | |0 0 |1 0 |2 udc |4 0 |6 REV324 |7 1 |9 64006 |a Arxiu |b Arxiu |d 2022-10-19 |h Vol. 5 (1905) |l 0 |o Rev-324 |p 15791 |r 2022-10-19 00:00:00 |w 2022-10-19 |y ARXIU | ||
| 952 | |0 0 |1 0 |2 udc |4 0 |6 REV325 |7 1 |9 64007 |a Arxiu |b Arxiu |d 2022-10-19 |h Vol. 6 (1906) |l 0 |o Rev-325 |p 15792 |r 2022-10-19 00:00:00 |w 2022-10-19 |y ARXIU | ||
| 999 | |c 51653 |d 51653 | ||